HISTORY OF UNITED NATIONS UNIVERSITY (Record no. 33663)

MARC details
000 -LEADER
fixed length control field 00333nam a22001337a 4500
003 - CONTROL NUMBER IDENTIFIER
control field SGT
020 ## - INTERNATIONAL STANDARD BOOK NUMBER
International Standard Book Number 928080837
082 ## - DEWEY DECIMAL CLASSIFICATION NUMBER
Classification number 341.23
Item number NAR
100 ## - MAIN ENTRY--PERSONAL NAME
Personal name NARASIMHAN
245 ## - TITLE STATEMENT
Title HISTORY OF UNITED NATIONS UNIVERSITY
Remainder of title A PERSONAL PERSPECTIVE
260 ## - PUBLICATION, DISTRIBUTION, ETC. (IMPRINT)
Place of publication, distribution, etc TOKYO
Name of publisher, distributor, etc THE UNITED NATIONS UNIVERSITY
Year of Publication 1994
300 ## - PAGE DESCRIPTION
No. of Pages 162
942 ## - ADDED ENTRY ELEMENTS (KOHA)
Source of classification or shelving scheme Dewey Decimal Classification
Koha item type Books
Holdings
Withdrawn status Lost status Source of classification or shelving scheme Damaged status Not for loan Collection code Home library Current library Date acquired SGTU Total Checkouts Full call number Accession No. (Barcode) Date last seen Bill Date Koha item type
    Dewey Decimal Classification   Not For Loan LAW SGT Science & Social Sciences Library SGT Science & Social Sciences Library 28/01/2026 SGTU   341.23 NAR FL3941 28/01/2026 28/01/2026 Books